[Event "Quebec Girard Memorial"]
[Site "Quebec"]
[Date "2007.09.??"]
[Round "2"]
[White "Tremblay, Rejean"]
[Black "Lavoie, Mario"]
[Result "1-0"]
[WhiteElo "2253"]
[BlackElo "1733"]
[PlyCount "119"]
[EventDate "2007.09.01"]
[EventType "swiss"]
[EventRounds "5"]
[EventCountry "CAN"]
[SourceTitle "EXT 2022"]
[Source "ChessBase"]
[SourceDate "2021.10.06"]
[SourceVersion "1"]
[SourceVersionDate "2021.10.06"]
[SourceQuality "1"]

1. d4 d5 2. c4 e6 3. Nc3 Nf6 4. Bg5 Be7 5. Rc1 c6 6. e3 Nbd7 7. Nf3 Ne4 8. Bxe7 Qxe7 9. Nxe4 dxe4 10. Nd2 f5 11. c5 0-0 12. Nc4 Nf6 13. Be2 Rb8 14. Qa4 a6 15. 0-0 Nd5 16. f3 Qg5 17. f4 Qh4 18. Qa3 Rf6 19. Rf2 Bd7 20. Ne5 Be8 21. Bc4 Rh6 22. g3 Qe7 23. Bxd5 exd5 24. Rc3 Re6 25. Rb3 Rc8 26. Qb4 Rc7 27. Qa5 h5 28. h4 Rh6 29. Rc2 g6 30. Rcc3 Rh7 31. Rb4 Rg7 32. a3 Kh7 33. Kf2 Kh6 34. Qb6 Kh7 35. Rc2 Kg8 36. Qa7 Kh7 37. Rb6 Kh6 38. Qb8 Kh7 39. Kg2 Kh6 40. Kh3 Kh7 41. Rc3 Kh6 42. a4 Kh7 43. Rc2 Kh6 44. b4 Kh7 45. Rb2 Kh6 46. Rc2 Kh7 47. Ra2 Rg8 48. Qa7 Rg7 49. b5 axb5 50. axb5 cxb5 51. Rd6 Bc6 52. Qb6 Qe8 53. Ra7 Qc8 54. Qa5 Rg8 55. Kg2 Kh6 56. Ra8 Qxa8 57. Qxc7 Rg7 58. Nf7+ Rxf7 59. Qxf7 Qe8 60. Rxg6# 1-0